| 000 | 00472nam a22001697a 4500 | ||
|---|---|---|---|
| 003 | OSt | ||
| 005 | 20140311130135.0 | ||
| 008 | 130531t xxu||||| |||| 00| 0 eng d | ||
| 020 | _a9710851764 | ||
| 050 |
_aPE 1065 _b.N433 1992 |
||
| 082 |
_aFIL 428.2 _bN34 1992 |
||
| 245 |
_aNew english arts and skills fourth year _cNem Singh, Rosario P. |
||
| 260 |
_aPhilippines _bNational Book Store _cc1992 |
||
| 300 |
_a213 p. _c22 cm |
||
| 942 |
_2lcc _cBK _kFIL |
||
| 999 |
_c35487 _d35487 |
||